10 Biggest Cities by Country in Africa - Statistics

General Stats
  • This quiz has been taken 27 times
  • The average score is 150 of 500
Answer Stats
Country City Population % Correct
Côte d'Ivoire Abidjan 5,616,633
100%
Ghana Accra 2,070,463
100%
Ethiopia Addis Ababa 3,860,000
100%
Alexandria 5,362,517
100%
Algeria Algiers 2,364,230
100%
Egypt Cairo 9,801,536
100%
Cape Town 3,430,992
100%
Morocco Casablanca 3,218,036
100%
Tanzania Dar es Salaam 5,383,728
100%
Durban 2,786,046
100%
Sierra Leone Freetown 609,174
100%
South Africa Johannesburg 7,860,781
100%
Uganda Kampala 1,797,722
100%
Khartoum 1,410,858
100%
Rwanda Kigali 1,517,168
100%
Democratic Republic of the Congo Kinshasa 7,273,947
100%
Nigeria Lagos 9,000,000
100%
Angola Luanda 6,759,313
100%
Somalia Mogadishu 2,587,183
100%
Liberia Monrovia 1,761,032
100%
Kenya Nairobi 4,397,073
100%
Mauritania Nouakchott 1,446,761
100%
Burkina Faso Ouagadougou 2,415,266
100%
Pretoria 1,763,336
100%
Libya Tripoli 1,293,016
100%
Tunisia Tunis 599,368
100%
Madagascar Antananarivo 1,274,225
94%
Eritrea Asmara 896,000
94%
Mali Bamako 4,227,569
94%
Central African Republic Bangui 812,407
94%
Banjul 31,054
94%
Benghazi 750,000
94%
Guinea-Bissau Bissau 387,909
94%
Bloemfontein 464,591
94%
Republic of the Congo Brazzaville 2,138,236
94%
Senegal Dakar 3,186,088
94%
Djibouti Djibouti 776,966
94%
Cameroon Douala 2,768,400
94%
Fes 1,182,963
94%
Botswana Gaborone 246,325
94%
Giza 4,458,135
94%
Zimbabwe Harare 1,491,754
94%
Ibadan 3,565,108
94%
South Sudan Juba 230,195
94%
Kano 3,626,068
94%
Gabon Libreville 703,940
94%
Malawi Lilongwe 1,162,500
94%
Togo Lome 2,188,376
94%
Lubumbashi 1,283,380
94%
Zambia Lusaka 2,212,301
94%
Mozambique Maputo 1,080,277
94%
Marrakesh 1,014,813
94%
Mombasa 1,208,333
94%
Chad Ndjamena 951,418
94%
Port Elizabeth 876,436
94%
Port Harcourt 1,148,665
94%
Porto-Novo 264,320
94%
Porto Novo 9,838
94%
Cabo Verde Praia 141,219
94%
Rabat 515,619
94%
São Tomé and Príncipe São Tomé 66,888
94%
Tangier 1,275,428
94%
Seychelles Victoria 29,664
94%
Namibia Windhoek 486,186
94%
Yaounde 2,765,600
94%
Benin City 1,125,058
88%
Guinea Conakry 1,660,973
88%
Benin Cotonou 679,012
88%
Dodoma 765,179
88%
Gitega 41,944
88%
Malabo 257,000
88%
Lesotho Maseru 343,541
88%
Comoros Moroni 74,749
88%
Niger Niamey 978,029
88%
Oran 803,329
88%
Mauritius Port-Louis 140,403
88%
Port Sudan 394,561
88%
Sousse 250,540
88%
Suez 716,458
88%
Yamoussoukro 212,670
88%
Constantine 448,028
82%
Eswatini Mbabane 60,691
82%
Pointe-Noire 1,398,812
82%
Sfax 286,636
82%
Walvis Bay 102,704
82%
Zanzibar 709,809
82%
Agadir 504,768
76%
Bo 223,075
76%
Cabinda 550,000
76%
Hargeisa 477,876
76%
Kumasi 2,035,064
76%
Mbuji-Mayi 1,213,726
76%
Port Said 791,749
76%
Blantyre 871,800
71%
Burundi Bujumbura 497,166
71%
Sudan Omdurman 1,849,659
71%
Aba 897,560
65%
Kisangani 682,599
65%
Meknes 556,512
65%
Sale 945,101
65%
Jos 816,824
59%
Kaduna 1,582,102
59%
Kananga 720,362
59%
Luba 9,011
53%
Oyo 63,598
53%
Pietermaritzburg 475,238
53%
San 66,967
53%
Beira 592,090
47%
Bimbo 348,802
47%
Gondar 466,000
47%
Lubango 600,751
47%
Man 149,041
47%
Serekunda 55,360
47%
Wau 118,331
47%
Arusha 617,631
41%
Benguela 555,124
41%
Francistown 103,417
41%
Gao 86,353
41%
Huambo 595,304
41%
Kara 158,090
41%
Khartoum North 1,012,211
41%
Livingstone 178,361
41%
Mwanza 1,104,521
41%
Nyala 492,984
41%
Quelimane 246,915
41%
Saint-Louis 254,171
41%
Sokode 115,442
41%
Zaria 975,153
41%
Equatorial Guinea Bata 290,000
35%
Bobo-Dioulasso 904,920
35%
Buchanan 50,245
35%
Bula 9,010
35%
Bulawayo 665,952
35%
Dire Dawa 343,000
35%
El Obeid 345,126
35%
Kitwe 665,961
35%
Maiduguri 1,112,449
35%
Nouadhibou 173,525
35%
Swakopmund 75,921
35%
Adama 456,900
29%
Agadez 110,497
29%
Annaba 342,703
29%
Antsirabe 246,354
29%
Bizerte 154,300
29%
Espargos 22,549
29%
Fianarantsoa 191,776
29%
Franceville 110,568
29%
Kenema 255,110
29%
Lobito 357,950
29%
Maun 85,350
29%
Mekele 457,900
29%
Mindelo 70,732
29%
Misrata 360,000
29%
Mzuzu 273,000
29%
Ndola 627,503
29%
Port-Gentil 136,462
29%
Rundu 118,632
29%
Thies 391,253
29%
Zomba 116,800
29%
Ali-Sabieh 44,928
24%
Ariana 123,079
24%
Assab 44,220
24%
Asyut 562,061
24%
Beau-Bassin-Rose-Hill 92,149
24%
Berbera 242,344
24%
Bor 25,188
24%
Curepipe 70,008
24%
Eldoret 475,716
24%
Evaton 605,504
24%
Gabu 43,556
24%
Harper 23,517
24%
Kabwe 288,598
24%
Keren 55,586
24%
Kikwit 294,210
24%
Kira 459,827
24%
Kismayo 234,852
24%
Kisumu 397,957
24%
Koudougou 160,239
24%
Makeni 85,116
24%
Massawa 27,179
24%
Mbeya 541,603
24%
Molepolole 74,861
24%
Oujda 506,224
24%
Quthing 32,382
24%
Ruhengeri 153,368
24%
Tamale 371,351
24%
Tanta 597,694
24%
Toamasina 325,857
24%
Tobruk 115,503
24%
Touba 1,120,824
24%
Vereeniging 377,922
24%
Zinder 235,605
24%
Abeche 97,963
18%
Abomey 67,885
18%
Abomey-Calavi 117,824
18%
Afabet 35,673
18%
Antsiranana 129,320
18%
Arta 11,462
18%
Atakpame 98,193
18%
Awasa 422,200
18%
Bafata 29,556
18%
Bafoussam 239,287
18%
Bahir Dar 350,000
18%
Baidoa 129,839
18%
Bamenda 269,530
18%
Batna 289,504
18%
Blida 331,779
18%
Bouake 740,000
18%
Buea 90,090
18%
Butare 62,823
18%
Cape Coast 169,894
18%
Chimoio 363,336
18%
Chingola 256,560
18%
Chipata 188,020
18%
Dessie 270,400
18%
Dikhil 27,722
18%
Divo 105,397
18%
Djelfa 265,833
18%
Epworth 206,368
18%
Fomboni 17,291
18%
Ganta 42,077
18%
Garoua 235,996
18%
Gbarnga 56,986
18%
Gisenyi 252,090
18%
Godomey 253,262
18%
Gweru 159,050
18%
Hlotse 41,986
18%
Jinja 279,184
18%
Kairouan 153,900
18%
Kankan 190,722
18%
Kaolack 298,904
18%
Kassala 298,529
18%
Kelo 57,859
18%
Kenitra 507,736
18%
Kikuyu 323,881
18%
Koidu 196,418
18%
Korhogo 243,048
18%
Koutiala 141,444
18%
Kpalime 87,478
18%
Mahajanga 246,022
18%
Makindye-Ssabagabo 439,605
18%
Malakal 114,528
18%
Malanje 455,000
18%
Manzini 30,248
18%
Maputsoe 59,126
18%
Maradi 267,249
18%
Maroua 201,371
18%
Matola 1,032,197
18%
Mbour 284,189
18%
Merca 230,100
18%
Mogoditshane 88,004
18%
Mohale's Hoek 44,494
18%
Morogoro 471,409
18%
Moundou 137,251
18%
Mutare 224,804
18%
Naivasha 198,444
18%
Nakuru 570,674
18%
Nampula 663,212
18%
Nansana 692,478
18%
Ngozi 39,884
18%
Nzerekore 195,027
18%
Oshakati 58,656
18%
Ouahigouya 124,587
18%
Owendo 79,300
18%
Oyem 60,685
18%
Parakou 255,478
18%
Pemba 200,529
18%
Quatre-Bornes 71,076
18%
Rosso 42,670
18%
Rufisque 295,459
18%
Ruiru 490,120
18%
Rumonge 35,931
18%
Sabha 121,895
18%
San-Pedro 164,944
18%
Sarh 97,224
18%
Segou 133,501
18%
Sekondi 228,342
18%
Setif 252,127
18%
Sikasso 226,618
18%
Soshanguve 728,063
18%
Tahoua 117,826
18%
Takoradi 311,206
18%
Tete 307,338
18%
Toliara 168,756
18%
Tshikapa 366,503
18%
Vacoas-Phoenix 107,433
18%
Yambio 105,881
18%
Yei 69,720
18%
Zawiya 141,653
18%
Ziguinchor 214,874
18%
Zliten 166,350
18%
Zouerate 62,380
18%
Ajdabiya 107,564
12%
Al-Fashir 217,827
12%
Aweil 59,217
12%
Banfora 117,452
12%
Berberati 103,713
12%
Birni N'Konni 63,169
12%
Bosaso 74,287
12%
Bouar 71,680
12%
Gambia Brikama 81,007
12%
Bukavu 471,789
12%
Burao 99,270
12%
Chitungwiza 371,246
12%
Daloa 245,360
12%
Djougou 94,773
12%
Dolisie 178,172
12%
Dosso 58,671
12%
Dubreka 157,017
12%
Ebebiyin 32,000
12%
Farafenni 27,396
12%
Gagnoa 160,465
12%
Gedaref 269,395
12%
Harbel 25,309
12%
Hounde 87,151
12%
Jamaame 185,270
12%
Jimma 250,900
12%
Kaga-Bandoro 55,047
12%
Kakata 34,608
12%
Kalabancoro 96,173
12%
Karonga 61,609
12%
Kaya 121,970
12%
Kayes 126,319
12%
Kiffa 71,680
12%
Kissidougou 99,931
12%
Kolwezi 456,446
12%
Kwekwe 119,863
12%
Lichinga 242,204
12%
Likasi 367,219
12%
Mahalla el-Kubra 614,202
12%
Mbale 290,414
12%
Mbera Refugee Camp 41,256
12%
Medani 289,482
12%
Mendefera 20,391
12%
Mopti 120,786
12%
Mouila 36,061
12%
Mutsamudu 26,313
12%
Nacala Porto 287,536
12%
Ngaoundere 152,698
12%
Nhlangano 10,456
12%
Nkongsamba 104,050
12%
Obock 20,238
12%
Obuasi 143,644
12%
Okahandja 45,182
12%
Otjiwarongo 49,022
12%
Ouesso 75,095
12%
Pouytenga 96,469
12%
Rehoboth 40,788
12%
Renk 69,079
12%
Saurimo 393,000
12%
Shubra al-Khaymah 1,275,700
12%
Sidi bel Abbes 210,146
12%
Sima 8,737
12%
Tadjoura 19,527
12%
Tanga 393,429
12%
Teyateyaneng 26,043
12%
Thaba-Tseka 16,010
12%
Thika 251,407
12%
Uige 322,531
12%
Waterloo 34,079
12%
Am Timan 52,270
6%
Arua 384,656
6%
Ashaiman 190,972
6%
Assomada 10,222
6%
Balaka 36,308
6%
Biskra 204,661
6%
Butha-Buthe 38,770
6%
Canchungo 12,044
6%
Carnot 129,032
6%
Chinhoyi 90,800
6%
Cibitoke 23,885
6%
Dapaong 117,675
6%
Domoni 12,262
6%
El Mansoura 632,330
6%
Fada N'Gourma 73,200
6%
Faji Kunda 38,121
6%
Kaedi 57,672
6%
Kahama 453,654
6%
Kasungu 58,653
6%
Kati 84,500
6%
Katima Mulilo 46,401
6%
Kindia 138,695
6%
Kuito 355,423
6%
Kyengera 311,112
6%
Labe 92,654
6%
La Soukra 153,307
6%
Mafeteng 43,247
6%
Maneah 167,354
6%
Mirontsi 11,955
6%
Moanda 59,154
6%
Nkayi 104,083
6%
Ntoum 51,954
6%
Pala 49,461
6%
Port Loko 33,541
6%
Qacha's Nek 18,282
6%
Ruwa 94,078
6%
Salima 36,789
6%
Selibaby 40,975
6%
Siguiri 127,492
6%
Solwezi 301,370
6%
St. Pierre 16,025
6%
Sukuta 47,048
6%
Tema 139,784
6%
Tsevie 76,861
6%
Tsumeb 34,960
6%
Zwedru 25,349
6%
Aconibe 8,795
0%
Adi Qayeh 15,633
0%
Afgooye 65,461
0%
Agordat 22,316
0%
Aioun 34,838
0%
Akanda 34,548
0%
Ali-Adeh 12,763
0%
Al-Khums 126,348
0%
Anie 61,068
0%
Antalaha 67,888
0%
Anyama 103,297
0%
Arlit 78,651
0%
Bakau New Town 25,265
0%
Bambari 83,029
0%
Bangassou 54,059
0%
Begoua 264,067
0%
Bel Air Riviere Seche 18,030
0%
Bentiu 41,328
0%
Betou 59,563
0%
Bissora 9,898
0%
Bohicon 93,744
0%
Bongor 44,578
0%
Bossangoa 55,353
0%
Bubanza 20,031
0%
Bugarama 40,276
0%
Busumbala 24,018
0%
Centre de Flacq 16,310
0%
Cinkasse 56,830
0%
Cyangugu 43,866
0%
Daru 17,899
0%
Dek'emhare 21,675
0%
Diourbel 157,554
0%
Doba 49,647
0%
Ekpe 75,313
0%
El Mourouj 120,732
0%
Farim 9,005
0%
Foya 20,569
0%
Gamboma 52,652
0%
Gatumba 11,700
0%
Gaya 45,465
0%
Geita 318,006
0%
Ghinda 15,539
0%
Gitarama 82,797
0%
Goderich 19,209
0%
Goodlands 21,103
0%
Goz Beida 41,248
0%
Guerou 35,153
0%
Imerintsiatosika 69,953
0%
Janzur 126,025
0%
Kadoma 117,381
0%
Kamsar 83,428
0%
Kamuhanda / Ruyenzi 66,151
0%
Karuri 194,342
0%
Karuzi 10,317
0%
Kasama 179,636
0%
Kayanza 21,767
0%
Kintele 71,629
0%
Kirundo 10,024
0%
Koforidua 120,971
0%
Kumba 144,268
0%
Lambarene 38,775
0%
Liwonde 36,421
0%
Luanshya 193,293
0%
Magburaka 23,196
0%
Mahalapye 48,431
0%
Mangochi 53,498
0%
Maridi 55,602
0%
Masaka 294,166
0%
Mochudi 50,321
0%
Mukono 305,945
0%
Muyumbu 37,141
0%
Nema Kunku 28,651
0%
Nikki 66,109
0%
Notse 49,143
0%
Nyamata 65,107
0%
Ouani 10,073
0%
Owando 48,642
0%
Palapye 52,636
0%
Pedra Badejo 10,201
0%
Pleebo 23,464
0%
Raoued 124,000
0%
Saaba 136,011
0%
Sal Rei 9,610
0%
Sambava 84,039
0%
Sao Filipe 8,448
0%
Serowe 55,676
0%
Shashemene 208,400
0%
Sidi Hassine 130,255
0%
Talinding 40,562
0%
Tessaoua 43,409
0%
Tivaouane Peulh - Niaga 152,043
0%
Tlokweng 55,508
0%
Triolet 23,179
0%
Tsembehou 12,590
0%
No matching quizzes found
Score Distribution
Percent of People with Each Score
Percentile by Number Answered
Your Score History
You have not taken this quiz